Should American agriculture seek recovery of world markets or arrange to live at home?

Bibliographic Details
Corporate Author: United States. Extension Service
Format: Government Document eBook
Language:English
Published: [Washington] : [s.n.], 1935.
Subjects:
Online Access:Electronic resource (PDF)

MARC

Tag First Indicator Second Indicator Subfields
LEADER 00000cam a22000001i 4500
001 in00003961721
006 m d f
007 cr bn mmmapmmp
008 351010s1935 dcu o f000 0 eng d
005 20250211001635.6
035 |a ebd1933012902 
040 |a UMI  |c UMI  |e rda  |d UtOrBLW 
086 0 |a A 43.11:3 
099 |a A43.11..3 
110 1 |a United States.  |b Extension Service.  |0 http://id.loc.gov/authorities/names/n80120734 
245 1 0 |a Should American agriculture seek recovery of world markets or arrange to live at home? 
264 1 |a [Washington] :  |b [s.n.],  |c 1935. 
300 |a 1 online resource (36 pages), digital, PDF file 
336 |a text  |b txt  |2 rdacontent 
337 |a computer  |b c  |2 rdamedia 
338 |a online resource  |b cr  |2 rdacarrier 
533 |a Electronic reproduction.  |b [Bethesda, Md.] :  |c ProQuest,  |d 2016  |e digital, PDF file.  |n ProQuest U.S. Executive Branch Documents  |n Mode of access: World Wide Web via ProQuest website. 
588 |a Record is based on online resource; title from PDF title page (ProQuest, last viewed July 2016). Reuse except for individual research requires license from ProQuest, LLC. 
650 0 |a Agriculture and state.  |0 http://id.loc.gov/authorities/subjects/sh85002484 
650 0 |a Farms.  |0 http://id.loc.gov/authorities/subjects/sh85047299 
650 0 |a Wheat.  |0 http://id.loc.gov/authorities/subjects/sh85146366 
650 0 |a Meat.  |0 http://id.loc.gov/authorities/subjects/sh85082715 
856 4 0 |u http://proxy.library.tamu.edu/login?url=http://congressional.proquest.com/congressional/docview/t66.d71.a43.11..3?  |y Electronic resource (PDF)  |t 0 
999 f f |s a3ae2f8b-ed53-378c-b643-05d7fb567026  |i 5f19dd09-fd67-345a-b470-145b692a70e2  |t 0 
952 f f |a Texas A&M University  |b College Station  |c Electronic Resources  |d Available Online  |t 0  |h No information provided 
998 f f |t 0  |l Available Online